Principios de economía política : con algunas de sus aplicaciones a la filosofía social /
La economía política es una ciencia que trata de las leyes que rigen la producción y distribución de la riqueza. En la presente obra el autor John Stuart Mill (1806-1873), filósofo y economista inglés, estudia la economía política bajo dos principios: por un lado, parte de la idea de que las leyes q...
Сохранить в:
| Главный автор: | |
|---|---|
| Формат: | |
| Язык: | испанский |
| Опубликовано: |
México :
Fondo de Cultura Económica,
1951, c1943
|
| Редактирование: | 2a edición |
| Серии: | (Sección de Obras de Economía)
|
| Предметы: | |
| Метки: |
Нет меток, Требуется 1-ая метка записи!
|
MARC
| LEADER | 00000nam^a2200000^a^4500 | ||
|---|---|---|---|
| 001 | 000183848 | ||
| 005 | 20250521000000.0 | ||
| 009 | 20260310102054.822 | ||
| 037 | |a Acervo ITESO - Biblioteca | ||
| 041 | |a ESP | ||
| 082 | |a 330. 153 |b MIL | ||
| 100 | |a Mill, John Stuart |e (autor) | ||
| 240 | 1 | 1 | |a [Principios de economía política] |
| 245 | 1 | 0 | |a Principios de economía política : |b con algunas de sus aplicaciones a la filosofía social / |c J.S. Mill ; ed. e introd. de W.J. Ashley ; tr. por T. Ortiz. |
| 250 | |a 2a edición | ||
| 264 | 4 | |a México : |b Fondo de Cultura Económica, |c 1951, c1943 | |
| 300 | |a 896 p. | ||
| 336 | |a texto |b txt |2 rdacontenido | ||
| 337 | |a sin mediación |b n |2 rdamedio | ||
| 338 | |a volumen |b nc |2 rdasoporte | ||
| 440 | 1 | |a (Sección de Obras de Economía) | |
| 520 | |a La economía política es una ciencia que trata de las leyes que rigen la producción y distribución de la riqueza. En la presente obra el autor John Stuart Mill (1806-1873), filósofo y economista inglés, estudia la economía política bajo dos principios: por un lado, parte de la idea de que las leyes que rigen la producción tienen el carácter de leyes de la naturaleza, por lo que no pueden modificarse; y por otro, determina que las leyes que rigen la distribución de la riqueza pueden ser modificadas por el derecho y la costumbre, en función del bienestar social.. | ||
| 649 | |a XX | ||
| 650 | |a Economía Política - |x Teoría | ||
| 650 | |a Positivismo | ||
| 650 | |a Filosofía del Siglo XIX | ||
| 650 | |a Filosofía Inglesa | ||
| 910 | |a Fondo General | ||
| 920 | |a Impresos - Libros | ||
| 930 | |a Colección General | ||
| 905 | |a 101 | ||
| 901 | |a 0500124533 |b IT1 |c ACC |u 20250521 | ||
| 902 | |a https://opac.biblio.iteso.mx/vufind/Record/000183848 | ||